LIBRARY & INFORMATION CENTRE, KCAET, TAVANUR

ONLINE PUBLIC ACCESS CATALOGUE (OPAC)

Tools for agriculture: A buyer`s guide to appropriate equipment / (Record no. 10480)

MARC details
000 -LEADER
fixed length control field 00483cam a2200181ua 4500
020 ## - INTERNATIONAL STANDARD BOOK NUMBER
ISBN 0-946688-362
041 ## - LANGUAGE CODE
Language code of text/sound track or separate title eng
082 ## - DEWEY DECIMAL CLASSIFICATION NUMBER
Classification number 028.756 31
Item number CAR/TO
100 ## - MAIN ENTRY--AUTHOR NAME
Personal name Carruthers, Lan .
245 ## - TITLE STATEMENT
Title Tools for agriculture: A buyer`s guide to appropriate equipment /
250 ## - EDITION STATEMENT
Edition statement 3 /
260 ## - PUBLICATION, DISTRIBUTION, ETC. (IMPRINT)
Place of publication :
Name of publisher I T Publications ,
Year of publication 1985.
300 ## - PHYSICAL DESCRIPTION
Number of Pages 264 ; .
500 ## - GENERAL NOTE
General note ** Reference
942 ## - ADDED ENTRY ELEMENTS (KOHA)
Koha item type Books
Holdings
Withdrawn status Lost status Damaged status Home library Current library Date acquired Full call number Accession Number Koha item type
      KAUAET KAUAET 07/04/2012 028.756 31 16168 Reference
free website counter